000 01002nam a2200193Ia 4500
003 IT-RoPAU
005 20220918175431.0
008 120407s9999 xx 000 0 und d
040 _aIT-RoPAU
_c20130214101924.0
040 _cIT-RoPAU
100 _aBertero, Lorenzo Battista
_9427
245 _aPrimi missionari paolini in Giappone e in Corea
_bTestimonianze raccolte da Eugenio Fornasari.
250 _aI
260 _aAlba
_bSSP
_c1986
300 _c19,5 cm
_a197 p.
490 _v1
_aEditrice San Paolo
520 _aIndice Premessa Carta d'identità di don Paolo Marcellino I. 1924-1934 Gli anni nella "casa paterna" II. In rotta per l'esatremo oriente III. La missione paolina IV. I primi anni in missione V. In pieno ministero sacerdotale VI. Questuante per il Giappone in USA VII. Nel vortice della Seconda Guerra Mondiale VIII. La ricostruzione IX. Il vocazionario di Fukuoka X. Il nuovo volto della missione paolina XI. Nel paese del "calmo mattino" XII. In memoriam
942 _cBK
_2ddc
999 _c11198
_d11198